000 00504cam a2200181 a 4500
020 _a378900992X
082 _a355.00941
_bFRO
100 _aOgilvie, G, Macl,C.
_948611
245 0 0 _aFrontier Warfare - India :
_cOgilvie, G, Macl,C.
250 _a.
260 _aNew Dehli :
_c1939.
300 _avii, 229 p. ;
_c23 cm.
526 _a0
_b0
_c0
_d355_009410000000000_FRO
650 0 _aDefensive (Military science)
_948612
650 0 _aMCE
_9379
700 1 _aMüller, Erwin,
_948613
942 _2ddc
_cBK
999 _c551482
_d551482